|
|
|
|
| LEADER |
01163nam a2200289 a 4500 |
| 001 |
1342 |
| 003 |
BD-DhAAL |
| 005 |
20150429095929.0 |
| 008 |
150429s1990 nyua b 001 0 eng |
| 010 |
|
|
|a 89012626
|
| 020 |
|
|
|a 0070194165 :
|c $39.95
|
| 040 |
|
|
|a DLC
|c DLC
|d DLC
|d BD-DhAAL
|
| 050 |
0 |
0 |
|a HB75
|b .E47 1990
|
| 082 |
0 |
0 |
|a 330/.09
|2 20
|
| 100 |
1 |
|
|a Ekelund, Robert B.
|q (Robert Burton),
|d 1940-
|9 10838
|
| 245 |
1 |
2 |
|a A history of economic theory and method /
|c Robert B. Ekelund, Jr., Robert F. Hébert.
|
| 250 |
|
|
|a 3rd ed.
|
| 260 |
|
|
|a New York :
|b McGraw-Hill,
|c c1990.
|
| 300 |
|
|
|a xv, 688 p. :
|b ill. ;
|c 24 cm.
|
| 504 |
|
|
|a Includes bibliographical references.
|
| 541 |
|
|
|e 1342
|
| 650 |
|
0 |
|a Economics
|x History.
|9 10839
|
| 700 |
1 |
|
|a Hébert, Robert F.
|9 10840
|
| 942 |
|
|
|2 ddc
|c BK
|
| 999 |
|
|
|c 34342
|d 34342
|
| 952 |
|
|
|0 0
|1 0
|2 ddc
|4 0
|6 330_090000000000000_EKE
|7 0
|9 53614
|a SCL
|b SCL
|c GEN
|d 2015-04-29
|e Gift: The Asia Foundation
|l 0
|o 330.09 EKE
|p 3020001342
|r 2015-04-29
|t 1
|w 2015-04-29
|y BK
|
| 952 |
|
|
|0 0
|1 0
|2 ddc
|4 0
|6 330_090000000000000_EKE
|7 0
|9 54538
|a SCL
|b SCL
|c GEN
|d 2015-06-27
|e Gift: The Asia Foundation
|l 0
|o 330.09 EKE
|p 3020001468
|r 2015-06-27
|t 2
|w 2015-06-27
|y BK
|